[Event "ESP-chT CECLUB Div1"]
[Site "Linares"]
[Date "2018.08.06"]
[Round "1.1"]
[White "Martin Duque, Jesus"]
[Black "Cano Sanchez, Josue"]
[Result "1-0"]
[WhiteElo "2378"]
[BlackElo "2312"]
[PlyCount "120"]
[EventDate "2018.08.06"]
[EventType "team-tourn"]
[EventRounds "7"]
[EventCountry "ESP"]
[SourceTitle "CBM 185 Extra"]
[Source "ChessBase"]
[SourceDate "2018.07.29"]
[SourceVersion "1"]
[SourceVersionDate "2018.07.29"]
[SourceQuality "1"]
[WhiteTeam "Collado Villalba"]
[BlackTeam "Silla Lopez Instalaciones"]
[WhiteTeamCountry "ESP"]
[BlackTeamCountry "ESP"]

1. e4 c6 2. d4 d5 3. e5 Bf5 4. Nd2 e6 5. Nb3 Nd7 6. Nf3 Ne7 7. Be2 Bg6 8. 0-0 Nf5 9. c3 h5 10. Bf4 Be7 11. Ne1 h4 12. h3 Rc8 13. Nd3 0-0 14. Rc1 c5 15. Nbxc5 Nxc5 16. dxc5 Bxc5 17. Nxc5 Rxc5 18. b4 Rc6 19. Bb5 Rc7 20. Bd3 Qd7 21. a4 Rfc8 22. Bb5 Qe7 23. Qd2 d4 24. cxd4 Rxc1 25. Rxc1 Rxc1+ 26. Qxc1 Qxb4 27. d5 exd5 28. Bd2 Qe7 29. Qc8+ Kh7 30. Qb8 a6 31. Bf1 Nd4 32. Qd6 Qxd6 33. exd6 Nc6 34. f3 f6 35. Kf2 Kg8 36. Be3 Kf7 37. Bb6 Ke6 38. Bc7 Ne5 39. Ke3 Nc6 40. a5 Bf5 41. Be2 g5 42. Bd1 d4+ 43. Kd2 Kd5 44. Ba4 Ne5 45. Bb3+ Kc5 46. Bd8 Kxd6 47. Bxf6 Be6 48. Bxe6 Kxe6 49. Bxg5 Nc4+ 50. Kd3 Kd5 51. Bxh4 Nxa5 52. Bf6 Nb3 53. h4 Nc5+ 54. Kc2 Ne6 55. h5 d3+ 56. Kd2 Nf4 57. h6 Ke6 58. h7 Ng6 59. h8Q Nxh8 60. Bxh8 Kd5 1-0

[Event "ESP-chT CECLUB Div1"]
[Site "Linares"]
[Date "2017.08.20"]
[Round "7.4"]
[White "Fernandez Romero, Ernesto"]
[Black "Cano Sanchez, Josue"]
[Result "1-0"]
[WhiteElo "2492"]
[BlackElo "2392"]
[PlyCount "93"]
[EventDate "2017.08.14"]
[EventType "team"]
[EventRounds "7"]
[EventCountry "ESP"]
[SourceTitle "CBM 180 Extra"]
[Source "ChessBase"]
[SourceDate "2017.10.06"]
[SourceVersion "1"]
[SourceVersionDate "2017.10.06"]
[SourceQuality "1"]
[WhiteTeam "Oromana Schneider Electric"]
[BlackTeam "Silla Lopez Instalaciones"]
[WhiteTeamCountry "ESP"]
[BlackTeamCountry "ESP"]

1. e4 c6 2. d4 d5 3. e5 Bf5 4. h4 h5 5. Bd3 Bxd3 6. Qxd3 e6 7. Bg5 Qa5+ 8. Nd2 Nh6 9. Ngf3 Qa6 10. c4 Nd7 11. 0-0 Nf5 12. b3 Be7 13. Bxe7 Kxe7 14. Qc3 Rhc8 15. Rfc1 b6 16. Nf1 Kf8 17. Ne3 Ne7 18. Qc2 g6 19. Qd2 Kg7 20. Rc2 Qb7 21. Rac1 c5 22. cxd5 exd5 23. Ng5 cxd4 24. Qxd4 Rxc2 25. Rxc2 Nc5 26. Qf4 Ng8 27. e6 f6 28. b4 Na6 29. Nf3 Rd8 30. Nd4 Ne7 31. g4 Qb8 32. Qxb8 Rxb8 33. gxh5 Rb7 34. a3 gxh5 35. Ndf5+ Kf8 36. Nxe7 Rxe7 37. Rc6 Nc7 38. Nf5 Nxe6 39. Nxe7 Kxe7 40. Rc8 Kd6 41. Ra8 d4 42. Kf1 Nf4 43. Rxa7 d3 44. Ke1 Kd5 45. Kd2 Kc4 46. Rc7+ Kd5 47. a4 1-0

[Event "ESP-chT CECLUB Div1"]
[Site "Linares"]
[Date "2017.08.19"]
[Round "6.1"]
[White "Cano Sanchez, Josue"]
[Black "Moreno Tejera, Emilio"]
[Result "0-1"]
[WhiteElo "2392"]
[BlackElo "2426"]
[PlyCount "46"]
[EventDate "2017.08.14"]
[EventType "team"]
[EventRounds "7"]
[EventCountry "ESP"]
[SourceTitle "CBM 180 Extra"]
[Source "ChessBase"]
[SourceDate "2017.10.06"]
[SourceVersion "1"]
[SourceVersionDate "2017.10.06"]
[SourceQuality "1"]
[WhiteTeam "Silla Lopez Instalaciones"]
[BlackTeam "Extremadura Magic"]
[WhiteTeamCountry "ESP"]
[BlackTeamCountry "ESP"]

1. d4 e6 2. Nf3 f5 3. g3 Nf6 4. Bg2 Be7 5. 0-0 0-0 6. c4 d6 7. Nc3 Ne4 8. Qc2 Nxc3 9. bxc3 Nc6 10. e4 e5 11. Re1 f4 12. c5 g5 13. cxd6 cxd6 14. gxf4 gxf4 15. h3 Kh8 16. Ba3 Rg8 17. Kh2 Qe8 18. Rh1 Qh5 19. Qd3 Rg6 20. Rag1 Bg4 21. dxe5 Rag8 22. Bxd6 Bxh3 23. Bxe7 Rxg2+ 0-1

[Event "ESP-chT CECLUB Div1"]
[Site "Linares"]
[Date "2017.08.14"]
[Round "1.2"]
[White "Cano Sanchez, Josue"]
[Black "Rubio Mejia, Luis Ignacio"]
[Result "0-1"]
[WhiteElo "2392"]
[BlackElo "2442"]
[PlyCount "66"]
[EventDate "2017.08.14"]
[EventType "team"]
[EventRounds "7"]
[EventCountry "ESP"]
[SourceTitle "CBM 180 Extra"]
[Source "ChessBase"]
[SourceDate "2017.10.06"]
[SourceVersion "1"]
[SourceVersionDate "2017.10.06"]
[SourceQuality "1"]
[WhiteTeam "Silla Lopez Instalaciones"]
[BlackTeam "Virgen de Atocha"]
[WhiteTeamCountry "ESP"]
[BlackTeamCountry "ESP"]

1. Nf3 Nf6 2. c4 b6 3. Nc3 Bb7 4. d4 e6 5. a3 d5 6. cxd5 Nxd5 7. e3 Be7 8. Bb5+ c6 9. Bd3 Nd7 10. e4 Nxc3 11. bxc3 c5 12. 0-0 0-0 13. Bf4 Re8 14. Re1 Bf6 15. Bc4 Qc8 16. Qd3 Rd8 17. Qe2 Nf8 18. Rac1 a6 19. a4 Bc6 20. dxc5 bxc5 21. a5 Nd7 22. Bd6 g6 23. e5 Bg7 24. Ng5 h6 25. Nxe6 fxe6 26. Bxe6+ Kh7 27. Qg4 h5 28. Qh3 Re8 29. Bf7 Rxe5 30. Bxe5 Nxe5 31. Be6 Qf8 32. Re2 c4 33. Rf1 Nd3 0-1

[Event "ESP-chT CECLUB Div1"]
[Site "Linares"]
[Date "2014.09.09"]
[Round "8.1"]
[White "Cano Sanchez, Josue"]
[Black "Larino Nieto, David"]
[Result "1/2-1/2"]
[WhiteElo "2367"]
[BlackElo "2445"]
[PlyCount "82"]
[EventDate "2014.09.04"]
[EventType "team-tourn"]
[EventRounds "9"]
[EventCountry "ESP"]
[SourceTitle "CBM 162 Extra"]
[Source "ChessBase"]
[SourceDate "2014.10.17"]
[SourceVersion "1"]
[SourceVersionDate "2014.10.17"]
[SourceQuality "1"]
[WhiteTeam "Silla Lopez Instalaciones"]
[BlackTeam "Atocha VTI"]
[WhiteTeamCountry "ESP"]
[BlackTeamCountry "ESP"]

1. Nf3 g6 2. d4 Bg7 3. c3 d6 4. e4 c6 5. Bd3 e5 6. Nbd2 Qc7 7. a4 exd4 8. cxd4 Nf6 9. 0-0 0-0 10. b4 Re8 11. h3 Nbd7 12. Bb2 d5 13. e5 Nh5 14. Re1 Nf4 15. Bf1 a5 16. b5 c5 17. dxc5 Nxc5 18. Nb3 Ne4 19. Qc1 Qxc1 20. Raxc1 g5 21. Nbd2 Nxd2 22. Nxd2 Bf8 23. Nb3 Bb4 24. Red1 Bf5 25. Nd4 Be4 26. f3 Bg6 27. g3 Ne6 28. Nxe6 fxe6 29. Rc7 Rf8 30. Kg2 Rf7 31. Rxf7 Kxf7 32. Rc1 Ke8 33. Be2 Kd7 34. Bd4 h6 35. Kf2 Ba3 36. Ra1 Bb4 37. Rc1 Bf5 38. g4 Bg6 39. Ke3 Ba3 40. Ra1 Bb4 41. Rc1 Ba3 1/2-1/2

[Event "ESP-chT CECLUB Div1"]
[Site "Linares"]
[Date "2014.09.06"]
[Round "4.2"]
[White "Nieves Cabanes, Javier"]
[Black "Cano Sanchez, Josue"]
[Result "1/2-1/2"]
[WhiteElo "2097"]
[BlackElo "2367"]
[PlyCount "54"]
[EventDate "2014.09.04"]
[EventType "team-tourn"]
[EventRounds "9"]
[EventCountry "ESP"]
[SourceTitle "CBM 162 Extra"]
[Source "ChessBase"]
[SourceDate "2014.10.17"]
[SourceVersion "1"]
[SourceVersionDate "2014.10.17"]
[SourceQuality "1"]
[WhiteTeam "Manises Eva"]
[BlackTeam "Silla Lopez Instalaciones"]
[WhiteTeamCountry "ESP"]
[BlackTeamCountry "ESP"]

1. d4 d5 2. c4 c6 3. cxd5 cxd5 4. Nc3 Nf6 5. Bf4 Nc6 6. e3 e6 7. Bd3 Be7 8. Bg5 a6 9. f4 b5 10. Nf3 Bb7 11. Rc1 Na5 12. Bxf6 Bxf6 13. b3 Rc8 14. 0-0 Nc6 15. Qe2 Qa5 16. Nd1 g6 17. Nf2 Be7 18. Bb1 Ba3 19. Rc2 0-0 20. Nd3 Nb4 21. Rxc8 Rxc8 22. Nc5 Qc7 23. Ne5 Nc6 24. Ned3 Nb4 25. Ne5 Nc6 26. Ned3 Nb4 27. Ne5 Nc6 1/2-1/2

[Event "ESP-chT CECLUB Div1"]
[Site "Linares"]
[Date "2014.09.04"]
[Round "1.1"]
[White "Cano Sanchez, Josue"]
[Black "Moreno Ruiz, Javier"]
[Result "1-0"]
[WhiteElo "2367"]
[BlackElo "2475"]
[PlyCount "138"]
[EventDate "2014.09.04"]
[EventType "team-tourn"]
[EventRounds "9"]
[EventCountry "ESP"]
[SourceTitle "CBM 162 Extra"]
[Source "ChessBase"]
[SourceDate "2014.10.17"]
[SourceVersion "1"]
[SourceVersionDate "2014.10.17"]
[SourceQuality "1"]
[WhiteTeam "Silla Lopez Instalaciones"]
[BlackTeam "Collado Villalba"]
[WhiteTeamCountry "ESP"]
[BlackTeamCountry "ESP"]

1. d4 Nf6 2. Nf3 e6 3. g3 b5 4. Bg2 Bb7 5. 0-0 c5 6. c3 Na6 7. Bg5 Be7 8. Nbd2 0-0 9. Re1 h6 10. Bxf6 Bxf6 11. e4 d6 12. e5 Be7 13. exd6 Qxd6 14. Ne4 Qb6 15. dxc5 Nxc5 16. Nxc5 Bxc5 17. Qe2 Rfd8 18. Red1 Rxd1+ 19. Rxd1 Rd8 20. Rxd8+ Qxd8 21. Qd2 Qc7 22. Ne1 Bxg2 23. Nxg2 a6 24. Nf4 g6 25. Qd3 Qe5 26. Kg2 Kg7 27. h4 Qe1 28. Qe2 Qxe2 29. Nxe2 Kf6 30. Kf3 Ke5 31. Nf4 Be7 32. Ke2 g5 33. hxg5 hxg5 34. Nd3+ Kf5 35. Ke3 Bd6 36. b3 e5 37. f3 g4 38. fxg4+ Kxg4 39. Nf2+ Kf5 40. g4+ Ke6 41. Ke4 f6 42. Nd3 Be7 43. Nc1 Ba3 44. Ne2 Bc5 45. Nc1 Ba3 46. Nd3 Be7 47. b4 Bf8 48. Nb2 Bh6 49. a4 Bd2 50. axb5 axb5 51. Nd1 Be1 52. Kd3 f5 53. gxf5+ Kxf5 54. Ne3+ Ke6 55. Nc2 Bg3 56. Na3 Kd5 57. Nxb5 e4+ 58. Kc2 e3 59. Kd3 Be1 60. Nd4 Bd2 61. Nc2 Bc1 62. Nxe3+ Kc6 63. Nd1 Bb2 64. b5+ Kb6 65. Kd4 Bxc3+ 66. Kd5 Kc7 67. Kc5 Be1 68. b6+ Kc8 69. Kb5 Bg3 1-0

[Event "La Roda op 37th"]
[Site "La Roda"]
[Date "2010.04.01"]
[Round "3"]
[White "Diamant, Andre"]
[Black "Cano Sanchez, Josue"]
[Result "1-0"]
[WhiteElo "2486"]
[BlackElo "2343"]
[PlyCount "35"]
[EventDate "2010.03.31"]
[EventType "swiss"]
[EventRounds "9"]
[EventCountry "ESP"]
[SourceTitle "CBM 135 Extra"]
[Source "ChessBase"]
[SourceDate "2010.05.04"]
[SourceVersion "1"]
[SourceVersionDate "2010.05.04"]
[SourceQuality "1"]

1. e4 c6 2. d4 d5 3. exd5 cxd5 4. c4 Nf6 5. Nc3 Nc6 6. Bg5 Be6 7. Nf3 Qa5 8. Qb3 0-0-0 9. Bd2 dxc4 10. Bxc4 Bxc4 11. Qxc4 Qf5 12. 0-0 Nd5 13. Ne5 Qe6 14. Rad1 Kb8 15. Nxd5 Rxd5 16. Bf4 Ka8 17. Nxc6 bxc6 18. Qa6 1-0

[Event "Albacete op 17th"]
[Site "Albacete"]
[Date "2009.09.04"]
[Round "6"]
[White "Cano Sanchez, Josue"]
[Black "Mirzoev, Azer"]
[Result "0-1"]
[WhiteElo "2308"]
[BlackElo "2584"]
[PlyCount "106"]
[EventDate "2009.09.01"]
[EventType "swiss"]
[EventRounds "9"]
[EventCountry "ESP"]
[SourceTitle "CBM 132 Extra"]
[Source "ChessBase"]
[SourceDate "2009.11.03"]
[SourceVersion "1"]
[SourceVersionDate "2009.11.03"]
[SourceQuality "1"]

1. d4 Nf6 2. Nf3 c5 3. c3 Qb6 4. e3 g6 5. Nbd2 Bg7 6. Bd3 0-0 7. 0-0 d5 8. dxc5 Qxc5 9. e4 Nc6 10. Re1 Rd8 11. Qe2 Qb6 12. h3 Nh5 13. Nf1 d4 14. c4 e5 15. Rd1 Nf6 16. Bg5 Re8 17. Bxf6 Bxf6 18. Qd2 Be7 19. N1h2 f6 20. Ne1 Be6 21. Rdc1 Rec8 22. Nhf3 a5 23. Be2 a4 24. c5 Bxc5 25. Bc4 Na5 26. Bxe6+ Qxe6 27. Nd3 Bf8 28. Rxc8 Qxc8 29. Qd1 Qc6 30. Nd2 Qb5 31. Qc2 Ra6 32. Rc1 Rc6 33. Qb1 Rxc1+ 34. Nxc1 Bh6 35. Qc2 Qc6 36. Qd1 Bxd2 37. Qxd2 Nc4 38. Qc2 Nd6 39. Qxc6 bxc6 40. f3 Kf7 41. Nd3 Nb7 42. Kf2 Ke6 43. Ke2 Kd6 44. g3 Nc5 45. Nc1 f5 46. exf5 gxf5 47. g4 Ke6 48. b4 axb3 49. axb3 e4 50. gxf5+ Kxf5 51. fxe4+ Kxe4 52. b4 Ne6 53. Kd2 Ng5 0-1

[Event "Valencia-chT Honor"]
[Site "Valencia"]
[Date "2009.01.10"]
[Round "1.5"]
[White "Cano Sanchez, Josue"]
[Black "Pitarch Roca, Miguel Angel"]
[Result "1-0"]
[WhiteElo "2273"]
[BlackElo "1897"]
[PlyCount "61"]
[EventDate "2009.01.10"]
[EventType "team"]
[EventRounds "5"]
[EventCountry "ESP"]
[SourceTitle "EXT 2010"]
[Source "ChessBase"]
[SourceDate "2010.11.25"]
[SourceVersion "1"]
[SourceVersionDate "2010.11.25"]
[SourceQuality "1"]
[WhiteTeam "Alfas del Pi"]
[BlackTeam "Burjassot"]
[WhiteTeamCountry "ESP"]
[BlackTeamCountry "ESP"]

1. d4 Nf6 2. Nf3 g6 3. c4 Bg7 4. Nc3 d5 5. cxd5 Nxd5 6. e4 Nxc3 7. bxc3 c5 8. Be2 Nc6 9. Be3 cxd4 10. cxd4 Qa5+ 11. Bd2 Qd8 12. d5 Ne5 13. Nxe5 Bxe5 14. Rb1 0-0 15. 0-0 b6 16. Bh6 Qd6 17. Bxf8 Bxh2+ 18. Kh1 Kxf8 19. g3 Bxg3 20. fxg3 Qxg3 21. Qe1 Qh3+ 22. Kg1 Qh6 23. Qg3 Qg7 24. Rb3 Bd7 25. Qc3 Rc8 26. Qxg7+ Kxg7 27. Rbf3 f6 28. Bd3 h5 29. d6 Bg4 30. Rf4 exd6 31. Rxf6 1-0

[Event "ESP-chT 1st div South"]
[Site "Santa Cruz de Tenerife"]
[Date "2006.08.25"]
[Round "4"]
[White "Cano Sanchez, Josue"]
[Black "Cabezas Ayala, Ivan"]
[Result "1/2-1/2"]
[WhiteElo "2273"]
[BlackElo "2337"]
[PlyCount "93"]
[EventDate "2006.08.23"]
[EventType "team-tourn"]
[EventRounds "5"]
[EventCountry "ESP"]
[SourceTitle "CBM 113 Extra"]
[Source "ChessBase"]
[SourceDate "2006.09.14"]
[SourceVersion "1"]
[SourceVersionDate "2006.09.14"]
[SourceQuality "1"]

1. d4 Nf6 2. Nf3 g6 3. Bg5 Bg7 4. c3 0-0 5. Nbd2 d6 6. e4 Nbd7 7. Be2 e5 8. dxe5 Nxe5 9. Nxe5 dxe5 10. 0-0 Qe7 11. Re1 Re8 12. Qc2 b6 13. b4 Bb7 14. Bf1 h6 15. Bh4 Qf8 16. f3 Nh5 17. Bb5 c6 18. Bf1 Bf6 19. Bf2 Nf4 20. a4 Ne6 21. Nc4 Nc7 22. a5 b5 23. a6 Bxa6 24. Na5 Re6 25. Nb3 Ree8 26. Ra3 Bc8 27. Rxa7 Rxa7 28. Bxa7 Ne6 29. Rd1 Qe7 30. Bb6 Qb7 31. Qf2 Bh4 32. g3 Bd8 33. Be3 Bg5 34. Ra1 Rd8 35. Bb6 Re8 36. Ra7 Qb8 37. Ra1 Bd8 38. Be3 Bg5 39. Na5 Qd6 40. Be2 Bxe3 41. Qxe3 Kg7 42. Rd1 Qc7 43. Nb3 Rd8 44. Rxd8 Qxd8 45. Nc5 Qd6 46. Nd3 Bd7 47. Bf1 1/2-1/2

[Event "Lisbon op"]
[Site "Lisbon"]
[Date "2001.08.28"]
[Round "8"]
[White "Cano Sanchez, Josue"]
[Black "Pereira, Edgar"]
[Result "1/2-1/2"]
[WhiteElo "2304"]
[BlackElo "2039"]
[PlyCount "106"]
[EventDate "2001.08.21"]
[EventType "swiss"]
[EventRounds "9"]
[EventCountry "POR"]
[SourceTitle "EXT 2002"]
[Source "ChessBase"]
[SourceDate "2001.11.25"]
[SourceVersion "1"]
[SourceVersionDate "2001.11.25"]
[SourceQuality "1"]

1. d4 Nf6 2. Nf3 g6 3. Bg5 d5 4. e3 Bg7 5. Bd3 0-0 6. Nbd2 c5 7. c3 cxd4 8. exd4 Nc6 9. 0-0 Bg4 10. Qe2 Qd6 11. h3 Be6 12. Ne5 Nh5 13. Nxc6 bxc6 14. Nb3 h6 15. Be3 Rae8 16. Qd2 g5 17. Be2 Nf4 18. Bxf4 gxf4 19. Nc5 Bf5 20. Bd3 Bg6 21. b4 e5 22. dxe5 Bxe5 23. Be2 Bxc3 24. Qxc3 Rxe2 25. Rfe1 Rfe8 26. Rxe2 Rxe2 27. Rd1 Qe5 28. Qxe5 Rxe5 29. Kf1 f3 30. gxf3 Rh5 31. Kg2 Bf5 32. Re1 Kf8 33. Re3 Rxh3 34. Ra3 Rh4 35. Rxa7 Rxb4 36. Ra6 Rc4 37. Rxc6 Ke7 38. a4 Bc2 39. a5 Ba4 40. Rc8 Kd6 41. Nb7+ Kd7 42. Rxc4 dxc4 43. Nc5+ Kc6 44. Nxa4 Kb5 45. Nb6 c3 46. Nd5 c2 47. Nc3+ Kxa5 48. Ne2 Kb4 49. Kg3 Kc4 50. Kg4 Kd3 51. Nc1+ Kd2 52. Na2 Ke2 53. f4 Kxf2 1/2-1/2

[Event "Lisbon op"]
[Site "Lisbon"]
[Date "2001.08.26"]
[Round "6"]
[White "Cano Sanchez, Josue"]
[Black "Guimaraes, Rui"]
[Result "0-1"]
[WhiteElo "2304"]
[BlackElo "2086"]
[PlyCount "70"]
[EventDate "2001.08.21"]
[EventType "swiss"]
[EventRounds "9"]
[EventCountry "POR"]
[SourceTitle "EXT 2002"]
[Source "ChessBase"]
[SourceDate "2001.11.25"]
[SourceVersion "1"]
[SourceVersionDate "2001.11.25"]
[SourceQuality "1"]

1. d4 Nf6 2. c4 c5 3. d5 b5 4. a4 bxc4 5. Nc3 d6 6. e4 Ba6 7. a5 g6 8. Nf3 Nbd7 9. Nd2 Ne5 10. Nxc4 Nxc4 11. Bxc4 Bxc4 12. Qa4+ Qd7 13. Qxc4 Rb8 14. Ra4 Bg7 15. f3 0-0 16. 0-0 Ne8 17. Nd1 Nc7 18. b3 Rb7 19. f4 Nb5 20. b4 cxb4 21. Qc6 Nc3 22. Nxc3 Bxc3 23. Be3 Qxc6 24. dxc6 Rc7 25. Rc1 Rfc8 26. Kf1 a6 27. Ke2 Rxc6 28. Rb1 Kg7 29. g4 e6 30. g5 d5 31. exd5 exd5 32. Kd3 Rc4 33. h4 Re8 34. h5 gxh5 35. f5 Rce4 0-1

[Event "Narciso Yepes op"]
[Site "Lorca"]
[Date "2001.06.27"]
[Round "5"]
[White "Cano Sanchez, Josue"]
[Black "Lalic, Bogdan"]
[Result "0-1"]
[WhiteElo "2304"]
[BlackElo "2501"]
[PlyCount "36"]
[EventDate "2001.06.25"]
[EventType "swiss"]
[EventRounds "9"]
[EventCountry "ESP"]
[SourceTitle "EXT 2002"]
[Source "ChessBase"]
[SourceDate "2001.11.25"]
[SourceVersion "1"]
[SourceVersionDate "2001.11.25"]
[SourceQuality "1"]

1. Nf3 Nf6 2. b3 g6 3. Bb2 Bg7 4. c4 c5 5. e3 d6 6. d4 0-0 7. dxc5 dxc5 8. Qxd8 Rxd8 9. Be2 Nc6 10. 0-0 Bf5 11. Rd1 Rxd1+ 12. Bxd1 Nb4 13. Nh4 Nd3 14. Nxf5 Nxb2 15. Nxg7 Nxd1 16. Kf1 Kxg7 17. Ke2 Rd8 18. f3 Rd7 0-1

[Event "Narciso Yepes op"]
[Site "Lorca"]
[Date "2001.06.26"]
[Round "2"]
[White "Giardelli, Sergio Carlos"]
[Black "Cano Sanchez, Josue"]
[Result "1-0"]
[WhiteElo "2438"]
[BlackElo "2304"]
[PlyCount "92"]
[EventDate "2001.06.25"]
[EventType "swiss"]
[EventRounds "9"]
[EventCountry "ESP"]
[SourceTitle "EXT 2002"]
[Source "ChessBase"]
[SourceDate "2001.11.25"]
[SourceVersion "1"]
[SourceVersionDate "2001.11.25"]
[SourceQuality "1"]

1. c4 b6 2. b3 Bb7 3. Bb2 c5 4. Nf3 Nf6 5. d3 g6 6. e4 d6 7. g3 e5 8. Bg2 Bh6 9. 0-0 Nh5 10. Nc3 0-0 11. Bc1 Bxc1 12. Qxc1 Nc6 13. Nd5 Ne7 14. Qh6 f6 15. Nh4 Nxd5 16. cxd5 Qd7 17. Bf3 Ng7 18. Be2 Ne8 19. Qe3 Nc7 20. f4 Nb5 21. Rf2 Nd4 22. Raf1 Qh3 23. Nf3 Qh6 24. Qc1 Nxe2+ 25. Rxe2 Bc8 26. Ref2 Bh3 27. fxe5 Qxc1 28. Rxc1 fxe5 29. Nd2 Rxf2 30. Kxf2 Rf8+ 31. Ke3 Kf7 32. b4 Rb8 33. b5 Bd7 34. a4 Ke7 35. Ra1 Be8 36. Nc4 Rb7 37. g4 Rb8 38. g5 Rb7 39. Rf1 Rd7 40. Rf6 Bf7 41. h4 h6 42. a5 hxg5 43. hxg5 Rd8 44. axb6 axb6 45. Nxb6 Rh8 46. Nc4 Rh3+ 1-0

[Event "Villa de Albox op 2nd"]
[Site "Villa de Albox"]
[Date "2001.??.??"]
[Round "3"]
[White "Barria Zuniga, Daniel"]
[Black "Cano Sanchez, Josue"]
[Result "1-0"]
[WhiteElo "2346"]
[BlackElo "2307"]
[PlyCount "72"]
[EventDate "2001.07.23"]
[EventType "swiss"]
[EventRounds "9"]
[EventCountry "ESP"]
[SourceTitle "EXT 2002"]
[Source "ChessBase"]
[SourceDate "2001.11.25"]
[SourceVersion "1"]
[SourceVersionDate "2001.11.25"]
[SourceQuality "1"]

1. e4 e6 2. d4 d5 3. e5 c5 4. c3 Qb6 5. Nf3 Bd7 6. Be2 Bb5 7. Be3 Bxe2 8. Qxe2 Nc6 9. 0-0 Nh6 10. dxc5 Bxc5 11. Bxh6 gxh6 12. b4 Bf8 13. Nbd2 Bg7 14. Rac1 0-0 15. a3 f6 16. exf6 Rxf6 17. c4 a6 18. cxd5 exd5 19. Rc5 Rd8 20. Qd3 Rfd6 21. Re1 R6d7 22. Nf1 Bf8 23. Rc2 d4 24. N1d2 Qb5 25. Nc4 Bg7 26. Rce2 Qh5 27. Ncd2 Kh8 28. Ne4 Qg6 29. Nh4 Qh5 30. Nc5 Rf7 31. Nf3 Rg8 32. Ne6 Bf6 33. Re4 Qf5 34. Kf1 Ne5 35. Nxe5 Bxe5 36. R1e2 Qg6 1-0

[Event "ESP-ch"]
[Site "Barcelona"]
[Date "2000.08.26"]
[Round "8"]
[White "Jimenez Villena, Francisco Jose"]
[Black "Cano Sanchez, Josue"]
[Result "0-1"]
[WhiteElo "2233"]
[BlackElo "2361"]
[PlyCount "64"]
[EventDate "2000.08.18"]
[EventType "swiss"]
[EventRounds "9"]
[EventCountry "ESP"]
[SourceTitle "CBM 077 Extra"]
[Source "ChessBase"]
[SourceDate "2000.09.14"]
[SourceVersion "1"]
[SourceVersionDate "2000.09.14"]
[SourceQuality "1"]

1. d4 Nf6 2. Bg5 e6 3. Nd2 c5 4. e4 cxd4 5. e5 Qa5 6. Bxf6 gxf6 7. exf6 Qe5+ 8. Be2 Qxf6 9. Ngf3 d5 10. 0-0 Bg7 11. Nb3 Nc6 12. Bb5 0-0 13. Re1 Qf4 14. Bxc6 bxc6 15. Nfxd4 c5 16. Ne2 Qc7 17. c3 a5 18. a3 Bd7 19. Ng3 f5 20. Qd2 f4 21. Nh5 Bh6 22. g4 Qb6 23. Nc1 Be8 24. Nd3 Bxh5 25. gxh5 Bg7 26. Nxf4 Bh6 27. Nxd5 exd5 28. Qxd5+ Kh8 29. Re6 Qxb2 30. Ra2 Qc1+ 31. Kg2 Rg8+ 32. Rg6 hxg6 0-1

[Event "ESP-chT"]
[Site "Barcelona"]
[Date "2000.08.11"]
[Round "7"]
[White "Moreno Carnero, Javier"]
[Black "Cano Sanchez, Josue"]
[Result "1/2-1/2"]
[WhiteElo "2515"]
[BlackElo "2361"]
[PlyCount "38"]
[EventDate "2000.08.05"]
[EventType "team-tourn"]
[EventRounds "9"]
[EventCountry "ESP"]
[SourceTitle "CBM 077 Extra"]
[Source "ChessBase"]
[SourceDate "2000.09.14"]
[SourceVersion "1"]
[SourceVersionDate "2000.09.14"]
[SourceQuality "1"]

1. d4 Nf6 2. Nf3 e6 3. c4 b6 4. a3 Bb7 5. Nc3 d5 6. cxd5 Nxd5 7. Qc2 Be7 8. e4 Nxc3 9. bxc3 0-0 10. Bd3 c5 11. 0-0 Qc8 12. Qe2 cxd4 13. cxd4 Ba6 14. d5 exd5 15. exd5 Bf6 16. Rb1 Rd8 17. Bg5 Bxd3 18. Qxd3 Nd7 19. Rfd1 Bxg5 1/2-1/2